Statistics for ALL Countries And Capitals of the World

Click here to take the quiz!

General Stats

  • This quiz has been taken 1,143 times
    (782 since last reset)
  • The average score is 290 of 397

Answer Stats

HintAnswer% Correct
EuropeFrance
89%
EuropeLondon
89%
EuropeRome
89%
EuropeUnited Kingdom
89%
EuropeAndorra
88%
EuropeParis
88%
EuropeSweden
88%
EuropeAlbania
87%
EuropeGermany
87%
EuropeIreland
87%
EuropeItaly
87%
EuropeNorway
87%
EuropePortugal
87%
EuropeSpain
87%
EuropeVatican City
87%
EuropeAustria
86%
EuropeBelgium
86%
EuropeBerlin
86%
EuropeDenmark
86%
EuropeFinland
86%
EuropeIceland
86%
EuropeLuxembourg
86%
EuropeMadrid
86%
EuropeRussia
86%
EuropeCzechia
85%
EuropeDublin
85%
EuropeEstonia
85%
EuropeHungary
85%
EuropeLatvia
85%
EuropeLiechtenstein
85%
EuropeLithuania
85%
Asia | EuropeMoscow
85%
EuropeOslo
85%
EuropePoland
85%
EuropeRomania
85%
EuropeBelarus
84%
EuropeBulgaria
84%
North AmericaCanada
84%
EuropeCroatia
84%
EuropeKosovo
84%
EuropeLisbon
84%
North AmericaMexico
84%
EuropeMonaco
84%
EuropeSan Marino
84%
EuropeSlovenia
84%
EuropeStockholm
84%
EuropeSwitzerland
84%
EuropeUkraine
84%
North AmericaUnited States
84%
EuropeAmsterdam
83%
EuropeBosnia and Herzegovina
83%
EuropeBrussels
83%
EuropeGreece
83%
EuropeHelsinki
83%
EuropeMalta
83%
EuropeNetherlands
83%
EuropeSlovakia
83%
EuropeVienna
83%
EuropeWarsaw
83%
South AmericaBrazil
82%
AsiaJapan
82%
EuropeMoldova
82%
EuropeMontenegro
82%
EuropePrague
82%
EuropeReykjavik
82%
North AmericaWashington D.C.
82%
AsiaArmenia
81%
EuropeAthens
81%
OceaniaAustralia
81%
EuropeBern
81%
EuropeBudapest
81%
AsiaChina
81%
EuropeCopenhagen
81%
AfricaEgypt
81%
AsiaIndia
81%
EuropeKiev
81%
EuropeNorth Macedonia
81%
North AmericaPanama
81%
North AmericaPanama City
81%
EuropeSerbia
81%
AsiaTokyo
81%
AsiaTurkey
81%
AfricaAlgeria
80%
South AmericaArgentina
80%
AfricaCentral African Republic
80%
North AmericaGuatemala
80%
North AmericaGuatemala City
80%
AsiaNorth Korea
80%
AsiaSouth Korea
80%
AsiaAzerbaijan
79%
EuropeBucharest
79%
North AmericaCuba
79%
AsiaCyprus
79%
North AmericaDominican Republic
79%
AsiaIndonesia
79%
AsiaIraq
79%
AsiaIsrael
79%
AsiaKazakhstan
79%
AsiaLaos
79%
OceaniaNew Zealand
79%
AfricaNiger
79%
North AmericaOttawa
79%
AsiaVietnam
79%
AsiaAfghanistan
78%
AsiaBeijing
78%
North AmericaBelize
78%
South AmericaChile
78%
South AmericaColombia
78%
North AmericaCosta Rica
78%
North AmericaDominica
78%
AfricaEthiopia
78%
AsiaGeorgia
78%
South AmericaGuyana
78%
North AmericaHonduras
78%
AsiaIran
78%
North AmericaJamaica
78%
AsiaJordan
78%
AsiaLebanon
78%
EuropeMinsk
78%
AfricaMorocco
78%
AfricaNigeria
78%
AsiaOman
78%
AsiaPakistan
78%
AsiaPhilippines
78%
AsiaQatar
78%
EuropeRiga
78%
AsiaSingapore
78%
EuropeSofia
78%
AfricaSouth Africa
78%
AsiaTaiwan
78%
AsiaThailand
78%
AsiaTurkmenistan
78%
South AmericaUruguay
78%
AsiaYemen
78%
AfricaAngola
77%
North AmericaBahamas
77%
AsiaBangladesh
77%
AsiaBhutan
77%
South AmericaBolivia
77%
AfricaCairo
77%
OceaniaCanberra
77%
AfricaDemocratic Republic of the Congo
77%
North AmericaEl Salvador
77%
AfricaGuinea
77%
North AmericaHaiti
77%
AfricaKenya
77%
AsiaKuwait
77%
AsiaKuwait City
77%
AsiaKyrgyzstan
77%
AfricaLibya
77%
AsiaMongolia
77%
AsiaNepal
77%
AsiaNew Delhi
77%
North AmericaNicaragua
77%
South AmericaParaguay
77%
South AmericaPeru
77%
AfricaRepublic of the Congo
77%
North AmericaSaint Lucia
77%
AsiaSaudi Arabia
77%
AsiaSeoul
77%
AfricaSudan
77%
AsiaSyria
77%
AsiaTajikistan
77%
AfricaTunis
77%
AsiaUnited Arab Emirates
77%
AsiaUzbekistan
77%
South AmericaVenezuela
77%
EuropeAndorra La Vella
76%
North AmericaAntigua and Barbuda
76%
AsiaBahrain
76%
AsiaBrunei
76%
South AmericaBuenos Aires
76%
AsiaCambodia
76%
AfricaChad
76%
South AmericaEcuador
76%
AfricaEritrea
76%
AsiaMalaysia
76%
AfricaMali
76%
AsiaMyanmar
76%
North AmericaSaint Kitts and Nevis
76%
EuropeSarajevo
76%
AfricaSenegal
76%
AfricaSouth Sudan
76%
South AmericaSuriname
76%
EuropeTallinn
76%
AfricaTanzania
76%
North AmericaTrinidad and Tobago
76%
AsiaAnkara
75%
AsiaBangkok
75%
North AmericaBarbados
75%
South AmericaBrasilia
75%
EuropeBratislava
75%
AfricaBurundi
75%
AsiaEast Timor
75%
OceaniaFiji
75%
AfricaGhana
75%
AfricaGuinea-Bissau
75%
AsiaJerusalem
75%
AfricaLiberia
75%
AfricaMauritania
75%
OceaniaPapua New Guinea
75%
AfricaRwanda
75%
North AmericaSaint Vincent and the Grenadines
75%
AfricaUganda
75%
EuropeVilnius
75%
EuropeZagreb
75%
AfricaZambia
75%
AfricaZimbabwe
75%
AfricaBenin
74%
AfricaCameroon
74%
AfricaComoros
74%
AfricaDjibouti
74%
AfricaEquatorial Guinea
74%
North AmericaGrenada
74%
AsiaJakarta
74%
OceaniaKiribati
74%
AfricaLesotho
74%
AfricaMadagascar
74%
AsiaMaldives
74%
OceaniaMarshall Islands
74%
AfricaMauritius
74%
AfricaNamibia
74%
OceaniaNauru
74%
OceaniaPalau
74%
AfricaSeychelles
74%
OceaniaSolomon Islands
74%
AfricaSomalia
74%
AsiaSri Lanka
74%
EuropeTirana
74%
AfricaTogo
74%
OceaniaTonga
74%
AfricaTunisia
74%
EuropeVaduz
74%
OceaniaVanuatu
74%
AsiaBaghdad
73%
EuropeBelgrade
73%
AfricaBotswana
73%
AfricaBurkina Faso
73%
AfricaEswatini
73%
AfricaGabon
73%
AfricaGambia
73%
AfricaIvory Coast
73%
North AmericaKingston
73%
North AmericaKingstown
73%
South AmericaLima
73%
EuropeLjubljana
73%
AsiaManila
73%
AsiaPyongyang
73%
OceaniaSamoa
73%
South AmericaSantiago
73%
AsiaTehran
73%
OceaniaTuvalu
73%
EuropeValletta
73%
OceaniaWellington
73%
AfricaAlgiers
72%
South AmericaBogotà
72%
AfricaCape Verde
72%
South AmericaCaracas
72%
OceaniaFederated States of Micronesia
72%
AsiaHanoi
72%
North AmericaHavana
72%
AfricaMalawi
72%
South AmericaMontevideo
72%
AfricaMozambique
72%
South AmericaQuito
72%
AfricaSierra Leone
72%
EuropeChisinau
71%
AsiaIslamabad
71%
AsiaKabul
71%
AfricaSāo Tomé
71%
AfricaSāo Tome and Principe
71%
AsiaTaipei
71%
AsiaAbu Dhabi
70%
AsiaBaku
70%
AsiaDamascus
70%
AsiaDhaka
70%
AfricaNairobi
70%
North AmericaPort-au-Prince
70%
EuropePristina
70%
EuropeSkopje
70%
AfricaAddis Ababa
69%
AsiaBeirut
69%
AsiaDoha
69%
South AmericaGeorgetown
69%
EuropePodgorica
69%
AsiaRiyadh
69%
North AmericaSan Salvador
69%
AsiaAmman
68%
South AmericaAsunción
68%
AsiaKathmandu
68%
AsiaKuala Lumpur
68%
South AmericaLa Paz
68%
North AmericaNassau
68%
AfricaRabat
68%
AsiaSana'a
68%
AsiaTbilisi
68%
AfricaTripoli
68%
AsiaUlaanbaatar
68%
AsiaNicosia
67%
AsiaNursultan
67%
North AmericaSan José
67%
AsiaYerevan
67%
North AmericaSanto Domingo
66%
AfricaCape Town
65%
AfricaDakar
65%
AsiaDili
65%
AfricaFreetown
65%
AsiaMuscat
65%
AsiaPhnom Penh
65%
AfricaKinshasa
64%
AfricaLuanda
64%
AfricaPretoria
64%
AsiaTashkent
64%
AsiaVientiane
64%
AfricaAbuja
63%
AfricaAccra
63%
AfricaKhartoum
63%
AfricaMogadishu
63%
OceaniaPort Moresby
63%
North AmericaPort of Spain
63%
North AmericaTegucigalpa
63%
North AmericaBelmopan
62%
AsiaBishkek
62%
AsiaMalé
62%
North AmericaManagua
62%
AsiaManama
62%
South AmericaParamaribo
62%
AfricaBissau
61%
AfricaBrazzaville
61%
AfricaHarare
61%
AsiaThimphu
61%
AfricaWindhoek
61%
AfricaAntananarivo
60%
AsiaAshgabat
60%
AfricaJuba
60%
AfricaKampala
60%
AfricaMonrovia
60%
AfricaVictoria
60%
AsiaDushanbe
59%
AfricaLusaka
59%
North AmericaSaint George's
59%
North AmericaSaint John's
59%
OceaniaSuva
59%
AsiaBandar Seri Begawan
58%
AfricaLibreville
58%
AfricaMaputo
58%
North AmericaRoseau
58%
AsiaSri Jayawardenepura Kotte
58%
North AmericaBridgetown
57%
AfricaDodoma
57%
AfricaKigali
57%
AsiaNaypyidaw
57%
AfricaN'Djamena
57%
South AmericaSucre
57%
AfricaYaoundé
57%
AfricaAsmara
56%
AfricaConakry
56%
AfricaOuagadougou
56%
OceaniaApia
55%
AfricaBamako
55%
AfricaLomé
55%
AfricaNiamey
55%
AfricaPort Louis
55%
AfricaPorto-Novo
55%
AfricaBangui
54%
North AmericaBasseterre
54%
North AmericaCastries
54%
AfricaGaborone
54%
AfricaLilongwe
54%
AfricaMbabane
54%
AfricaPraia
54%
AfricaBanjul
53%
OceaniaFunafuti
52%
AfricaMaseru
52%
AfricaNouakchott
52%
OceaniaPort Vila
52%
OceaniaYaren District
52%
AfricaGitega
51%
OceaniaHoniara
51%
AfricaMalabo
51%
AfricaMoroni
51%
OceaniaNuku'Alofa
51%
AfricaYamoussoukro
51%
OceaniaPalikir
50%
AfricaBloemfontein
49%
OceaniaTarawa District
49%
OceaniaMajuro
48%
OceaniaNgerulmud
48%
AfricaLobamba
15%

Score Distribution

Percentile by Number Answered

Percent of People with Each Score

Your Score History

You have not taken this quiz since the last reset